| Tag |
First Indicator |
Second Indicator |
Subfields |
| LEADER |
00000cam a2200000 i 4500 |
| 001 |
in00005634621 |
| 006 |
m o d |
| 007 |
cr |n|---||||a |
| 008 |
061024s2003 vau o 000 0 eng d |
| 005 |
20250331201054.3 |
| 035 |
|
|
|a (OCoLC)ocn156274436
|
| 040 |
|
|
|a UAB
|b eng
|e pn
|c UAB
|d TXJ
|d CPE
|d N15
|d ALSTP
|d OCLCQ
|d GK8
|d OCLCA
|d OCLCQ
|d OCLCO
|d OCLCQ
|d IUA
|d OCLCQ
|d OCLCF
|d OCLCO
|d OCLCQ
|d OCLCO
|d CLU
|d RRP
|d UWO
|d YOU
|d OCLCQ
|d DCT
|d EYM
|d OCLCO
|d LVT
|d UAB
|d OCLCO
|d DKU
|d OCLCO
|d OCLCQ
|d OCLCO
|d OCLCL
|d OCLCQ
|
| 019 |
|
|
|a 83677060
|a 593397507
|a 839708761
|a 1067003525
|a 1110962888
|a 1194833579
|a 1236978565
|
| 035 |
|
|
|a (OCoLC)156274436
|z (OCoLC)83677060
|z (OCoLC)593397507
|z (OCoLC)839708761
|z (OCoLC)1067003525
|z (OCoLC)1110962888
|z (OCoLC)1194833579
|z (OCoLC)1236978565
|
| 050 |
|
4 |
|a PN1997.A1
|
| 049 |
|
|
|a TXAM
|
| 100 |
1 |
|
|a Mann, Arthur,
|d 1901-1963.
|1 https://id.oclc.org/worldcat/entity/E39PCjHgbK4wwDkCbvXkbVbKMK
|
| 245 |
1 |
4 |
|a The Jackie Robinson story (1950) :
|b draft script /
|c script by Arthur Mann and Lawrence Taylor ; screenplay by Lawrence Taylor and Louis Pollock.
|
| 250 |
|
|
|a [1st electronic ed.].
|
| 260 |
|
|
|a Alexandria, VA :
|b Alexander Street Press,
|c 2003.
|
| 300 |
|
|
|a 1 online resource (133 pages).
|
| 336 |
|
|
|a text
|b txt
|2 rdacontent
|
| 337 |
|
|
|a computer
|b c
|2 rdamedia
|
| 338 |
|
|
|a online resource
|b cr
|2 rdacarrier
|
| 490 |
1 |
|
|a American film scripts online.
|
| 500 |
|
|
|a Title from HTML t.p. (viewed Dec. 10, 2006).
|
| 650 |
|
0 |
|a Motion picture plays.
|
| 650 |
|
6 |
|a Scénarios de cinéma.
|
| 650 |
|
7 |
|a screenplays.
|2 aat
|
| 650 |
|
7 |
|a Motion picture plays
|2 fast
|
| 655 |
|
7 |
|a Electronic books.
|2 local
|
| 655 |
|
7 |
|a screenplays.
|2 aat
|
| 655 |
|
7 |
|a Screenplays
|2 fast
|
| 655 |
|
7 |
|a Motion picture plays.
|2 gsafd
|
| 655 |
|
7 |
|a Screenplays.
|2 lcgft
|
| 655 |
|
7 |
|a Scénarios de cinéma.
|2 rvmgf
|
| 700 |
1 |
|
|a Taylor, Lawrence.
|
| 700 |
1 |
|
|a Pollock, Louis.
|
| 710 |
2 |
|
|a Alexander Street (Firm)
|
| 758 |
|
|
|i has work:
|a The Jackie Robinson story (1950) (Text)
|1 https://id.oclc.org/worldcat/entity/E39PCFFcX9QT4D9QxCqhHPTk8P
|4 https://id.oclc.org/worldcat/ontology/hasWork
|
| 830 |
|
0 |
|a American film scripts online.
|
| 856 |
4 |
0 |
|u http://proxy.library.tamu.edu/login?url=https://www.aspresolver.com/aspresolver.asp?AFSO;FS000502
|z Connect to the full text of this electronic book
|t 0
|
| 936 |
|
|
|a BATCHLOAD
|
| 955 |
|
|
|a Alexander Press - Film Scripts Online Vol. 1
|
| 994 |
|
|
|a 92
|b TXA
|
| 999 |
f |
f |
|s 8d72d206-a31d-4011-af48-5a8225236bfc
|i db40a8ae-5b87-4062-9c74-fb17c9223e6f
|t 0
|
| 952 |
f |
f |
|a Texas A&M University
|b College Station
|c Electronic Resources
|d Available Online
|t 0
|e PN1997.A1
|h Library of Congress classification
|
| 998 |
f |
f |
|a PN1997.A1
|t 0
|l Available Online
|